000 00355 a2200169 4500
001 69566
020 _a8526260448
040 _cAnchieta - Itaigara
100 _aLudemir, Julio
240 1 0 _aMais um pai
_lpor
245 1 0 _aMais um pai
300 _a72
362 0 _a2005
440 1 _aScipione
650 4 _aLiteratura infanto-juvenil
942 _cBK
999 _c69566
_d69566